| 000 | 00555nam a2200193 u 4500 | ||
|---|---|---|---|
| 005 | 20241210063747.0 | ||
| 008 | 091021s2005 r 000 0 eng d | ||
| 020 | _a9508922281 | ||
| 035 | _aUPN01000173371 | ||
| 049 | _aCG | ||
| 050 | 4 |
_aPN59 _bB6.7 |
|
| 100 | 1 | _aBombini, Gustavo | |
| 245 | 1 | 3 |
_aLa trama de los textos : _bproblemas de la enseƱanza de la literatura / _cGustavo Bombini. |
| 260 |
_aBuenos Aires : _bLugar, _c2005. |
||
| 300 | _a130 p. | ||
| 440 | 0 | _aRelecturas | |
| 650 | 4 |
_aLiteratura _xEstudio y enseƱanza _97638 |
|
| 905 | _aLibro | ||
| 999 |
_c145475 _d145475 |
||